Antología / (Record no. 32860)

MARC details
000 -LEADER
campo de control de longitud fija 00646nam a2200205 i 4500
001 - NÚMERO DE CONTROL
campo de control 32860
003 - IDENTIFICADOR DE NÚMERO DE CONTROL
campo de control ES-MaACL
005 - FECHA Y HORA DE LA ÚLTIMA TRANSACCIÓN
campo de control 20230906154641.0
007 - CAMPO FIJO DE DESCRIPCIÓN FÍSICA--INFORMACIÓN GENERAL
campo de control de longitud fija t|
008 - DATOS DE LONGITUD FIJA--INFORMACIÓN GENERAL
campo de control de longitud fija 030131s1945 sp ||||1| spa d
100 1# - ENTRADA PRINCIPAL--NOMBRE DE PERSONA
Nombre de persona Bernáldez, Andrés.
9 (RLIN) 28208
245 10 - MENCIÓN DEL TÍTULO
Título Antología /
Mención de responsabilidad, etc. Andrés Bernáldez ; selección y prólogo por Octavio de Medeiros.
260 ## - PUBLICACIÓN, DISTRIBUCIÓN, ETC.
Lugar de publicación, distribución, etc. [Madrid] :
Nombre del editor, distribuidor, etc. Fé,
Fecha de publicación, distribución, etc. 1945 (
Fabricante Uguina)
300 ## - DESCRIPCIÓN FÍSICA
Extensión 316 p. ;
Dimensiones 17 cm.
490 1# - MENCIÓN DE SERIE
Mención de serie Breviarios del pensamiento español
700 0# - ENTRADA AGREGADA--NOMBRE PERSONAL
Nombre de persona Medeiros, Octavio de.
9 (RLIN) 79662
830 0# - PUNTO DE ACCESO ADICIONAL DE SERIE-TÍTULO UNIFORME
Título uniforme Breviarios del pensamiento español
9 (RLIN) 180739
852 ## - LOCALIZACIÓN
Ubicación ES-MaACL
Número de control de estantería C-3990
Sublocalización o colección R.23348
Holdings
Estatus retirado Estado de pérdida Estado de daño No para préstamo Biblioteca de origen Biblioteca actual Ubicación en estantería Fecha de adquisición Fuente de adquisición Total de préstamos Signatura topográfica completa Código de barras Visto por última vez Precio de reemplazo Tipo de ítem Koha
        Biblioteca del Ateneo de Madrid Biblioteca del Ateneo de Madrid Sala Palomar 17/01/2008     C-3990 1034108 23/02/2023 23/02/2023 Libro impreso